[Event "Schachfestival 2014 - Senioren"]
[Site "Woerishofen Bad"]
[Date "2014.03.29"]
[Round "9.26"]
[White "Schweitzer, Paul"]
[Black "Abegg, Beat"]
[Result "0-1"]
[WhiteElo "1696"]
[BlackElo "1910"]
[PlyCount "88"]
[EventDate "2014.03.21"]
[EventType "swiss"]
[EventCountry "GER"]
[WhiteTeam "SV Königsjäger Süd-West e.V."]
[BlackTeam "SK Altdorf"]
[WhiteTeamCountry "GER"]
[BlackTeamCountry "GER"]

1. Nf3 d5 2. d4 c6 3. c3 Nf6 4. Nbd2 Bf5 5. e3 Nbd7 6. a4 e6 7. a5 Bd6 8. Qb3
Qc7 9. c4 O-O 10. c5 Be7 11. h3 Rfb8 12. Bd3 Bxd3 13. Qxd3 b6 14. b4 bxc5 15.
bxc5 e5 16. Qc3 e4 17. Nh2 Qb7 18. Rb1 Qa6 19. f3 Rxb1 20. Nxb1 Bd8 21. Bd2 Rb8
22. Kf2 Rb5 23. Qc2 Qb7 24. Bc3 Bxa5 25. Kg3 Bc7+ 26. f4 g5 27. Kf2 gxf4 28.
exf4 Bxf4 29. Ng4 Nxg4+ 30. hxg4 Nf6 31. g3 Nxg4+ 32. Ke2 Bg5 33. Nd2 f5 34.
Rh5 h6 35. Nf1 Rb3 36. Rxg5+ hxg5 37. Nd2 Qb5+ 38. Ke1 Ra3 39. Qb2 Qxb2 40.
Bxb2 Rxg3 41. Ke2 f4 42. Kd1 Ne3+ 43. Ke2 Rg2+ 44. Ke1 Rxd2 0-1

[Event "Schachfestival 2014 - Senioren"]
[Site "Woerishofen Bad"]
[Date "2014.03.29"]
[Round "9.50"]
[White "Koppenhoefer, Heinz"]
[Black "Scholtyssek, Werner"]
[Result "1/2-1/2"]
[WhiteElo "1710"]
[BlackElo "1799"]
[PlyCount "68"]
[EventDate "2014.03.21"]
[EventType "swiss"]
[EventCountry "GER"]
[WhiteTeam "TSV Solln Schachabteilung"]
[BlackTeam "SK Blankenloch 1947 e.V."]
[WhiteTeamCountry "GER"]
[BlackTeamCountry "GER"]

1. e4 e5 2. Nf3 Nc6 3. Nc3 Bc5 4. Bc4 Nf6 5. d3 O-O 6. a3 a6 7. Bg5 Be7 8. Nd5
d6 9. h3 Na5 10. Ba2 b5 11. Qd2 Nb7 12. b4 Be6 13. Nxe7+ Qxe7 14. O-O Bxa2 15.
Rxa2 Qe6 16. Raa1 Rac8 17. Bxf6 Qxf6 18. Rfc1 Qe7 19. Qe3 c5 20. c4 Qd7 21. Rc3
f5 22. exf5 Rxf5 23. Rac1 bxc4 24. Rxc4 h6 25. R4c3 Rcf8 26. R1c2 Rf4 27. Kh2
cxb4 28. axb4 Rxb4 29. Rc7 Qb5 30. d4 Re8 31. dxe5 Nc5 32. R7xc5 dxc5 33. Rxc5
Qa4 34. Qd3 Qb3 1/2-1/2

[Event "Schachfestival 2014 - Senioren"]
[Site "Woerishofen Bad"]
[Date "2014.03.29"]
[Round "9.8"]
[White "Minz, Michail"]
[Black "Nachtkamp, Herbert"]
[Result "1/2-1/2"]
[WhiteElo "2108"]
[BlackElo "2014"]
[PlyCount "92"]
[EventDate "2014.03.21"]
[EventType "swiss"]
[EventCountry "GER"]
[WhiteTeam "SK Gau-Algesheim"]
[BlackTeam "SK Norderstedt von 1975"]
[WhiteTeamCountry "GER"]
[BlackTeamCountry "GER"]

1. d4 d5 2. Nf3 Nf6 3. g3 e6 4. Bg2 Be7 5. O-O O-O 6. b3 b5 7. Ne5 Bb7 8. c4
bxc4 9. bxc4 Nbd7 10. Nc3 c5 11. e3 Rb8 12. Rb1 cxd4 13. exd4 Qc8 14. Bf4 Ra8
15. Re1 Nxe5 16. dxe5 Ne4 17. Nxe4 dxe4 18. Rxb7 Qxb7 19. Bxe4 Qc7 20. Bxa8
Rxa8 21. Qa4 Rd8 22. h4 h6 23. h5 Bc5 24. Rd1 Rxd1+ 25. Qxd1 Kh8 26. Qe2 Kg8
27. g4 Qe7 28. Kg2 Qb7+ 29. f3 Qb1 30. Bh2 Kh8 31. f4 Kg8 32. Kh3 Kh8 33. Kg2
Kg8 34. a4 Qb7+ 35. Qf3 Qb2+ 36. Kh3 Qd4 37. g5 Kh7 38. Qg3 Qe4 39. Qg4 Qd3+
40. Bg3 Qf1+ 41. Kh4 Be7 42. Bh2 Qxc4 43. Kh3 Qf1+ 44. Kg3 Qe1+ 45. Kh3 Qf1+
46. Kg3 Qe1+ 1/2-1/2

[Event "Schachfestival 2014 - Senioren"]
[Site "Woerishofen Bad"]
[Date "2014.03.29"]
[Round "9.40"]
[White "Langhoff, Wolfgang"]
[Black "Niedermaier, Peter"]
[Result "1/2-1/2"]
[WhiteElo "1820"]
[BlackElo "1844"]
[PlyCount "95"]
[EventDate "2014.03.21"]
[EventType "swiss"]
[EventCountry "GER"]
[WhiteTeam "SK Mannheim-Lindenhof 1865"]
[BlackTeam "SU Ebersberg-Grafing"]
[WhiteTeamCountry "GER"]
[BlackTeamCountry "GER"]

1. e4 c5 2. c3 Nc6 3. d4 cxd4 4. cxd4 d6 5. Nf3 g6 6. Nc3 Bg7 7. Be3 a6 8. Be2
e6 9. O-O Nge7 10. Qd2 O-O 11. h4 h5 12. Rac1 b5 13. Rfd1 Bb7 14. Bh6 Na5 15.
Bxg7 Kxg7 16. Ng5 d5 17. f3 Nc4 18. Bxc4 dxc4 19. Qf4 Bc8 20. d5 Qb6+ 21. Kh1
exd5 22. Qe5+ Qf6 23. Qxf6+ Kxf6 24. Nh7+ Kg7 25. Nxf8 Kxf8 26. exd5 Nf5 27. d6
Ra7 28. Re1 Nxd6 29. Rcd1 Rd7 30. Ne4 Nxe4 31. Rxd7 Ng3+ 32. Kh2 Bxd7 33. Kxg3
Be6 34. a3 Ke7 35. Rd1 a5 36. f4 b4 37. axb4 axb4 38. Rc1 Kd6 39. Kf3 Kc5 40.
Ke3 b3 41. Ke4 Kd6 42. Kd4 Bd5 43. g3 Ke6 44. Re1+ Kd6 45. Re5 Be6 46. Ra5 Ke7
47. Rc5 Kf6 48. Ra5 1/2-1/2

[Event "Schachfestival 2014 - Senioren"]
[Site "Woerishofen Bad"]
[Date "2014.03.29"]
[Round "9.54"]
[White "Schulz, Franz"]
[Black "Braeu, Emmi"]
[Result "1-0"]
[WhiteElo "1670"]
[BlackElo "1645"]
[PlyCount "63"]
[EventDate "2014.03.21"]
[EventType "swiss"]
[EventCountry "GER"]
[WhiteTeam "SV Ebersbach"]
[BlackTeam "SK Marktoberdorf"]
[WhiteTeamCountry "GER"]
[BlackTeamCountry "GER"]

1. b4 e6 2. a3 Nf6 3. Bb2 d5 4. e3 Bd7 5. Nf3 c5 6. bxc5 Bxc5 7. d4 Bd6 8. c4
dxc4 9. Bxc4 O-O 10. O-O Nc6 11. Nbd2 a6 12. Bb3 b5 13. Rc1 Rc8 14. Rc2 Rc7 15.
Qa1 Be7 16. Rfc1 Qb8 17. h3 Rfc8 18. a4 Na7 19. Rxc7 Rxc7 20. Rxc7 Qxc7 21. Ne5
Bb4 22. Nxd7 Nxd7 23. Nf3 Nf6 24. axb5 axb5 25. d5 Be7 26. dxe6 fxe6 27. Bxe6+
Kh8 28. Ng5 h6 29. Nf7+ Kh7 30. Qb1+ g6 31. Ne5 Bd6 32. Qxg6+ 1-0

[Event "Schachfestival 2014 - Senioren"]
[Site "Woerishofen Bad"]
[Date "2014.03.29"]
[Round "9.10"]
[White "Nordby, Berndt"]
[Black "Braeu, Ludwig"]
[Result "1/2-1/2"]
[WhiteElo "2098"]
[BlackElo "1958"]
[PlyCount "43"]
[EventDate "2014.03.21"]
[EventType "swiss"]
[EventCountry "GER"]
[WhiteTeam "Sarpsborg SK"]
[BlackTeam "SK Marktoberdorf"]
[WhiteTeamCountry "NOR"]
[BlackTeamCountry "GER"]

1. d4 g6 2. c4 Bg7 3. e4 c5 4. Nf3 cxd4 5. Nxd4 Nc6 6. Be3 Nf6 7. Nc3 d6 8. Be2
O-O 9. O-O Bd7 10. Rc1 Nxd4 11. Bxd4 Bc6 12. f3 a5 13. Qd2 Nd7 14. Be3 Nc5 15.
b3 f5 16. exf5 gxf5 17. Rfd1 b6 18. Bf1 Rb8 19. Nd5 Qe8 20. Re1 Rb7 21. Rcd1
Qf7 22. Nf4 1/2-1/2

[Event "Schachfestival 2014 - Senioren"]
[Site "Woerishofen Bad"]
[Date "2014.03.29"]
[Round "9.39"]
[White "Dallmeier, Gerhard"]
[Black "Thiel, Harry"]
[Result "1-0"]
[WhiteElo "1852"]
[BlackElo "1752"]
[PlyCount "51"]
[EventDate "2014.03.21"]
[EventType "swiss"]
[EventCountry "GER"]
[WhiteTeam "SK Roland Weissenfels"]
[BlackTeam "Schachpinguine Berlin e.V."]
[WhiteTeamCountry "GER"]
[BlackTeamCountry "GER"]

1. e4 e5 2. Nf3 Nc6 3. Bb5 a6 4. Ba4 Nf6 5. d3 b5 6. Bb3 Be7 7. c3 d6 8. Nbd2
O-O 9. Nf1 Bg4 10. h3 Bh5 11. Ng3 Bg6 12. Nh4 Nxe4 13. Nxg6 Nxg3 14. Nxe7+ Nxe7
15. fxg3 Nf5 16. Qf3 Qd7 17. O-O c6 18. Qxf5 Qa7+ 19. Kh2 Rae8 20. Qh5 Qb7 21.
Bd2 d5 22. Rae1 e4 23. dxe4 dxe4 24. Be3 Qc7 25. Bf4 Qb7 26. Bd6 1-0

[Event "Schachfestival 2014 - Senioren"]
[Site "Woerishofen Bad"]
[Date "2014.03.29"]
[Round "9.28"]
[White "Schuler, Georg"]
[Black "Knollmueller, Peter"]
[Result "1/2-1/2"]
[WhiteElo "1888"]
[BlackElo "1853"]
[PlyCount "60"]
[EventDate "2014.03.21"]
[EventType "swiss"]
[EventCountry "GER"]
[WhiteTeam "SV Balingen"]
[BlackTeam "SK Töging"]
[WhiteTeamCountry "GER"]
[BlackTeamCountry "GER"]

1. c4 Nf6 2. Nc3 e6 3. g3 d5 4. d4 c6 5. e3 Bb4 6. Bd2 O-O 7. a3 Bxc3 8. Bxc3
Ne4 9. Nf3 Nd7 10. Rc1 Re8 11. b4 e5 12. cxd5 cxd5 13. Bb2 exd4 14. Nxd4 Ndf6
15. Bg2 Nxf2 16. Kxf2 Ng4+ 17. Kg1 Nxe3 18. Qd3 Nc4 19. Rxc4 dxc4 20. Qxc4 Be6
21. Nxe6 Qd1+ 22. Kf2 Qd2+ 23. Qe2 Rad8 24. Bh3 fxe6 25. Re1 Qxe2+ 26. Rxe2 Kf7
27. Bg2 Rd7 28. Bh3 Rdd8 29. Bc1 Rc8 30. Be3 b6 1/2-1/2

[Event "Schachfestival 2014 - Senioren"]
[Site "Woerishofen Bad"]
[Date "2014.03.29"]
[Round "9.1"]
[White "Daeubler, Heinrich"]
[Black "Baum, Bernd"]
[Result "1/2-1/2"]
[WhiteElo "2169"]
[BlackElo "2302"]
[PlyCount "67"]
[EventDate "2014.03.21"]
[EventType "swiss"]
[EventCountry "GER"]
[WhiteTeam "Schachclub Haselmuehl"]
[BlackTeam "SV Empor Erfurt"]
[WhiteTeamCountry "GER"]
[BlackTeamCountry "GER"]

1. d4 d5 2. c4 c6 3. Nf3 Nf6 4. g3 dxc4 5. Bg2 Nbd7 6. O-O e6 7. a4 a5 8. Qc2
Nb6 9. Nbd2 Nfd5 10. Nxc4 Nb4 11. Qb3 Be7 12. e4 Nxc4 13. Qxc4 O-O 14. Rd1 b6
15. Bf4 Ba6 16. Qc3 Rc8 17. Ne1 Qd7 18. Nc2 Rfd8 19. Nxb4 Bxb4 20. Qe3 Qe8 21.
e5 Bc4 22. Rac1 Bd5 23. Bxd5 cxd5 24. Bg5 Rd7 25. Rxc8 Qxc8 26. Rc1 Rc7 27.
Rxc7 Qxc7 28. Qc1 Qd7 29. Qc2 h6 30. Be3 Kf8 31. Kg2 Ke8 32. Kf3 Kd8 33. b3 b5
34. Ke2 1/2-1/2

[Event "Schachfestival 2014 - Senioren"]
[Site "Woerishofen Bad"]
[Date "2014.03.29"]
[Round "9.30"]
[White "Dombrowe, Eckehard"]
[Black "Schaberg, Wolfgang"]
[Result "1/2-1/2"]
[WhiteElo "1828"]
[BlackElo "1884"]
[PlyCount "34"]
[EventDate "2014.03.21"]
[EventType "swiss"]
[EventCountry "GER"]
[WhiteTeam "Schachgemeinschaft Nettetal 1929"]
[BlackTeam "Scacchi Franciacorta"]
[WhiteTeamCountry "GER"]
[BlackTeamCountry "ITA"]

1. d4 d5 2. c4 e6 3. Nc3 Nf6 4. Bg5 Be7 5. Nf3 Nbd7 6. e3 O-O 7. Bd3 dxc4 8.
Bxc4 c5 9. O-O a6 10. a4 b6 11. Qc2 Bb7 12. Be2 Rc8 13. Rfd1 Nd5 14. Bxe7 Qxe7
15. Nxd5 exd5 16. dxc5 Nxc5 17. Qf5 Qe4 1/2-1/2

[Event "Schachfestival 2014 - Senioren"]
[Site "Woerishofen Bad"]
[Date "2014.03.29"]
[Round "9.51"]
[White "Wagner, Gerhard"]
[Black "Breidenbach, Heinz"]
[Result "1/2-1/2"]
[WhiteElo "1795"]
[BlackElo "1503"]
[PlyCount "38"]
[EventDate "2014.03.21"]
[EventType "swiss"]
[EventCountry "GER"]
[WhiteTeam "Sportfr.Windach e.V.1923"]
[BlackTeam "Scacchistica milanese"]
[WhiteTeamCountry "GER"]
[BlackTeamCountry "ITA"]

1. e4 d5 2. exd5 Qxd5 3. Nc3 Qa5 4. d4 c6 5. Nf3 Nf6 6. Be2 h6 7. O-O Bf5 8.
Nh4 Bh7 9. Bd3 Bxd3 10. Qxd3 e6 11. Re1 Bd6 12. Nf5 Bf8 13. Bf4 Kd7 14. Ng3 Nd5
15. Nxd5 cxd5 16. a3 Qa6 17. Qxa6 Nxa6 18. b4 Bd6 19. Ne2 Rac8 1/2-1/2

[Event "Schachfestival 2014 - Senioren"]
[Site "Woerishofen Bad"]
[Date "2014.03.29"]
[Round "9.19"]
[White "Thieme, Wolfgang"]
[Black "Spurga, Josef"]
[Result "1/2-1/2"]
[WhiteElo "1911"]
[BlackElo "2008"]
[PlyCount "31"]
[EventDate "2014.03.21"]
[EventType "swiss"]
[EventCountry "GER"]
[WhiteTeam "Schachclub Bayer Uerdingen 1923"]
[BlackTeam "VfL Sindelfingen"]
[WhiteTeamCountry "GER"]
[BlackTeamCountry "GER"]

1. e4 c5 2. d4 e6 3. Nf3 d5 4. exd5 exd5 5. Bb5+ Bd7 6. Qe2+ Qe7 7. O-O Qxe2 8.
Bxe2 Nf6 9. Re1 Be7 10. Bd3 c4 11. Bf1 Nc6 12. c3 O-O 13. Bg5 Ne4 14. Bxe7 Nxe7
15. Ne5 Be6 16. f3 1/2-1/2

[Event "Schachfestival 2014 - Senioren"]
[Site "Woerishofen Bad"]
[Date "2014.03.29"]
[Round "9.31"]
[White "Meul, Willi"]
[Black "Aufmwasser, Guenter"]
[Result "1-0"]
[WhiteElo "1880"]
[BlackElo "1704"]
[PlyCount "105"]
[EventDate "2014.03.21"]
[EventType "swiss"]
[EventCountry "GER"]
[WhiteTeam "Schachverein 1925 Hürth-Berrenra"]
[BlackTeam "Schachverein 1922 Hilden"]
[WhiteTeamCountry "GER"]
[BlackTeamCountry "GER"]

1. d4 Nf6 2. Nf3 g6 3. c4 Bg7 4. Nc3 O-O 5. e4 d6 6. Be2 Nbd7 7. Be3 Ng4 8. Bg5
f6 9. Bh4 Kh8 10. Qd2 c5 11. Rd1 Nh6 12. dxc5 Nxc5 13. b4 Ne6 14. Nd5 g5 15.
Bg3 Nf7 16. h4 g4 17. Nh2 Bh6 18. Qc2 Ne5 19. Bxe5 fxe5 20. Nxg4 Nd4 21. Rxd4
Bxg4 22. Rd3 Rg8 23. f3 Be6 24. g4 Bxd5 25. exd5 Bf4 26. Rc3 b6 27. Bd3 Bg3+
28. Kd1 Rg7 29. Bf5 a5 30. Rb3 a4 31. Ra3 b5 32. cxb5 e6 33. Bxe6 Qf6 34. Rc3
Rf8 35. Qf5 Rg6 36. Qxf6+ Rgxf6 37. Bf5 h5 38. Ke2 hxg4 39. fxg4 Bf4 40. Rc7
Rb8 41. Rc8+ Rf8 42. Rxf8+ Rxf8 43. Kd3 Rb8 44. Bd7 Rb7 45. Bc6 Re7 46. Ke4 Rg7
47. g5 a3 48. Rh3 Bc1 49. b6 Rf7 50. Rf3 Bf4 51. b7 Rf8 52. Rxa3 Bxg5 53. Ra8
1-0

[Event "Schachfestival 2014 - Senioren"]
[Site "Woerishofen Bad"]
[Date "2014.03.29"]
[Round "9.48"]
[White "Krase, Peter Axel"]
[Black "Buss, Richard"]
[Result "1-0"]
[WhiteElo "1927"]
[BlackElo "1628"]
[PlyCount "65"]
[EventDate "2014.03.21"]
[EventType "swiss"]
[EventCountry "GER"]
[WhiteTeam "TSV Kareth-Lappersdorf"]
[BlackTeam "VfR Heisfelde e.V."]
[WhiteTeamCountry "GER"]
[BlackTeamCountry "GER"]

1. e4 e5 2. Nf3 Nc6 3. Bc4 Nf6 4. Nc3 a6 5. a4 d6 6. h3 h6 7. d4 exd4 8. Nxd4
Nxd4 9. Qxd4 Be7 10. Be3 O-O 11. O-O c5 12. Qd2 Kh7 13. Bd3 Ng8 14. Rad1 g6 15.
f4 Be6 16. f5 Bd7 17. Nd5 Bg5 18. fxg6+ fxg6 19. Rxf8 Bxe3+ 20. Qxe3 Qxf8 21.
Rf1 Qg7 22. Qf4 Bc6 23. Qxd6 Bxd5 24. exd5 Ne7 25. Qxc5 Rc8 26. Qd6 Re8 27. Qe6
Rf8 28. Rxf8 Qxf8 29. d6 Nf5 30. Bxf5 gxf5 31. d7 Qc5+ 32. Kh1 Kg7 33. d8=Q 1-0

[Event "Schachfestival 2014 - Senioren"]
[Site "Woerishofen Bad"]
[Date "2014.03.29"]
[Round "9.38"]
[White "Klimpel, Siegfried"]
[Black "Flockerzi, Armin"]
[Result "1-0"]
[WhiteElo "1860"]
[BlackElo "1815"]
[PlyCount "67"]
[EventDate "2014.03.21"]
[EventType "swiss"]
[EventCountry "GER"]
[WhiteTeam "TSV Kareth-Lappersdorf"]
[BlackTeam "VfR-SC Koblenz"]
[WhiteTeamCountry "GER"]
[BlackTeamCountry "GER"]

1. e4 e5 2. Nc3 Nf6 3. f4 exf4 4. d4 d6 5. Bc4 Qe7 6. Qd3 Bf5 7. Nf3 Bxe4 8.
Nxe4 Qxe4+ 9. Qxe4+ Nxe4 10. Bd5 c6 11. Bxe4 d5 12. Bd3 Bd6 13. O-O O-O 14. Ng5
h6 15. Nf3 f6 16. Bg6 Nd7 17. Nh4 Rfd8 18. Nf5 Bc7 19. Re1 Nf8 20. Ne7+ Kh8 21.
Bh5 Kh7 22. Bd2 g6 23. Bg4 f5 24. Nxf5 gxf5 25. Bxf5+ Kg8 26. Re7 Bb6 27. c3 c5
28. Bxf4 cxd4 29. Kf1 dxc3 30. bxc3 Re8 31. Rae1 Rxe7 32. Rxe7 h5 33. Be5 Be3
34. Rg7+ 1-0